000
00282nam a22001217a 4500
082
_a
823
_b
VER/M
100
_a
THOMAS, VERNON
245
_a
MORE TALES FROM THE PANCHATHANTRA
260
_a
MUMBAI
_b
BETTER YOURSELF
_c
1997
300
_a
80
650
_a
ENGLISH STORY
_z
INDIA
942
_c
BK
999
_c
7330
_d
7330